Sports Quiz

Random Sports or Basketball Quiz

NBA Logos Without Red or Blue Quiz Stats

 Plays Quiz Updated Mar 26, 2018

Challenge
Share
Tweet
Embed
Score 0/7 Timer 03:00
10 Plays Today
Team % Correct
Boston Celtics
88.8%
Los Angeles Lakers
85.9%
San Antonio Spurs
79.4%
Brooklyn Nets
75.5%
Milwaukee Bucks
75.5%
Sacramento Kings
69.1%
Phoenix Suns
69.1%

You're not logged in!

Compare scores with friends on all Sporcle quizzes.
Join for Free
OR
Log In

You Might Also Like...

Show Comments

Extras

Top Quizzes Today


Score Distribution

Your Account Isn't Verified!

In order to create a playlist on Sporcle, you need to verify the email address you used during registration. Go to your Sporcle Settings to finish the process.

Report this User

Report this user for behavior that violates our Community Guidelines.

Details: